| 000 | 00755nam a22002297a 4500 | ||
|---|---|---|---|
| 005 | 20170124110003.0 | ||
| 010 | _aA-612664 | ||
| 020 |
_c00.00 _a8170363241 |
||
| 035 | _aA-612664 | ||
| 037 | _bCen Lib/Ret | ||
| 040 |
_aDPL _bEN |
||
| 082 |
_a363.1928 _bMAN |
||
| 100 |
_aManor, James _916294 |
||
| 245 |
_aPower poverty and poison : _cby James Manor _bDisaster and response in an indian city / |
||
| 260 |
_aNew Delhi _bSage Publications _c1993 |
||
| 270 |
_bNew Delhi _aM-32, graeter kailash market-1 _e110048 |
||
| 300 |
_a197p. _c21cm(Hb) |
||
| 500 | _aIncludes bibliographical references | ||
| 650 |
_aAlcohol _xToxicology _zIndia _916295 |
||
| 650 |
_aPoor _zIndia-Baglore _916296 |
||
| 942 |
_2ddc _cEN _h363.1928 _mMAN |
||
| 999 |
_c126009 _d126009 |
||